|
|
|
|
| LEADER |
00000nam0a2200000 4500 |
| 001 |
22889 |
| 005 |
20231101205520.0 |
| 010 |
|
|
|a 5856460677
|
| 035 |
|
|
|a (RuTPU)RU\TPU\book\23103
|
| 035 |
|
|
|a BOOK00000867
|
| 090 |
|
|
|a 22889
|
| 100 |
|
|
|a 20011209d2000 m y0rusy50 ca
|
| 101 |
1 |
|
|a rus
|c jap
|
| 102 |
|
|
|a RU
|
| 105 |
|
|
|a y z 000zy
|
| 200 |
1 |
|
|a Вехи на пути к заключению мирного договора между Японией и Россией
|e 88 вопросов от граждан России
|e пер. с яп.
|
| 210 |
|
|
|a Москва
|c Материк
|d 2000
|
| 215 |
|
|
|a 215 с.
|
| 606 |
1 |
|
|a Внешняя политика России в отношении стран Азии
|2 stltpush
|3 (RuTPU)RU\TPU\subj\70347
|9 84660
|
| 610 |
1 |
|
|a политика
|
| 610 |
1 |
|
|a внешняя политика
|
| 610 |
1 |
|
|a международные отношения
|
| 610 |
1 |
|
|a мирный договор
|
| 610 |
1 |
|
|a Япония
|
| 610 |
1 |
|
|a Россия
|
| 610 |
1 |
|
|a 20 век
|
| 686 |
|
|
|a Ф4(2)9(5Я)
|v LBC/SL-A
|2 rubbk
|
| 801 |
|
0 |
|a RU
|b 63413507
|c 20011209
|g PSBO
|
| 801 |
|
2 |
|a RU
|b 63413507
|c 20140313
|g PSBO
|
| 942 |
|
|
|c BK
|